[Event "Birmingham International"]
[Site "Birmingham"]
[Date "1976.04.12"]
[Round "1.2"]
[White "Stean, Michael"]
[Black "Nunn, John DM"]
[Result "1-0"]
[WhiteElo "2420"]
[BlackElo "2435"]
[PlyCount "65"]
[EventDate "1976.04.12"]
[EventType "tourn"]
[EventRounds "10"]
[EventCountry "ENG"]
[EventCategory "5"]

1. d4 Nf6 2. c4 c5 3. d5 e6 4. Nc3 exd5 5. cxd5 d6 6. Nf3 g6 7. e4 Bg7 8. Bg5
h6 9. Bh4 g5 10. Bg3 Nh5 11. Bb5+ Kf8 12. e5 Nxg3 13. fxg3 dxe5 14. O-O a6 15.
Be2 Ra7 16. a4 b6 17. Qb3 f5 18. Nd2 e4 19. g4 Bd4+ 20. Kh1 e3 21. Nc4 f4 22.
Nxb6 Rb7 23. a5 h5 24. gxh5 Nd7 25. Bxa6 Nf6 26. Bxb7 Nxh5 27. Ne2 Bg4 28. Nxd4
Ng3+ 29. Kg1 Rxh2 30. Kxh2 Qe8 31. Ne6+ Bxe6 32. Qxe3 Qh5+ 33. Kg1 {Sources:
BCM, June 1976, p252; The Chess Player 16, 1976c; Informator 22/146} 1-0

[Event "Birmingham International"]
[Site "Birmingham"]
[Date "1976.04.13"]
[Round "2.4"]
[White "Damjanovic, Mato"]
[Black "Speelman, Jonathan S"]
[Result "1/2-1/2"]
[WhiteElo "2425"]
[BlackElo "2380"]
[PlyCount "82"]
[EventDate "1976.04.12"]
[EventType "tourn"]
[EventRounds "10"]
[EventCountry "ENG"]
[EventCategory "5"]

1. e4 c5 2. Nf3 Nc6 3. d4 cxd4 4. Nxd4 Nf6 5. Nc3 d6 6. Bg5 Bd7 7. Be2 a6 8.
Bxf6 gxf6 9. O-O e6 10. Kh1 Qb6 11. Nb3 Be7 12. Qd2 Rg8 13. f4 Rg7 14. a4 Na5
15. Nxa5 Qxa5 16. Rad1 Rc8 17. Rf3 Kf8 18. Rd3 Bc6 19. Bf3 Qb6 20. b3 Kg8 21.
Ne2 f5 22. Rc3 Qf2 23. Rxc6 Rxc6 24. exf5 d5 25. c4 Bc5 26. f6 Rg6 27. cxd5 Rh6
28. Ng1 exd5 29. Qxd5 Rcxf6 30. Qg5+ Rhg6 31. Qe5 Rd6 32. Qe8+ Kg7 33. Qe5+ Kf8
34. Rc1 b6 35. b4 Rde6 36. Qh8+ Rg8 37. Qxh7 Qb2 38. Rd1 Rh8 39. Rd8+ Re8 40.
Rxe8+ Kxe8 41. Qe4+ Be7 {Source: BCM, June 1976, p253} 1/2-1/2

[Event "Birmingham International"]
[Site "Birmingham"]
[Date "1976.04.13"]
[Round "2.6"]
[White "Mestel, A Jonathan"]
[Black "Stean, Michael"]
[Result "0-1"]
[WhiteElo "2390"]
[BlackElo "2420"]
[PlyCount "78"]
[EventDate "1976.04.12"]
[EventType "tourn"]
[EventRounds "10"]
[EventCountry "ENG"]
[EventCategory "5"]

1. e4 c5 2. Nc3 d6 3. g3 Nc6 4. Bg2 g6 5. d3 Bg7 6. Be3 Rb8 7. Qd2 b5 8. Nf3 b4
9. Nd1 Qb6 10. c3 Nf6 11. h3 O-O 12. O-O bxc3 13. bxc3 Ba6 14. Ne1 Qa5 15. f4
Rb6 16. g4 Rfb8 17. Nf3 Qa3 18. Rc1 Nd7 19. Ng5 h6 20. Nf3 Rb1 21. Rxb1 Rxb1
22. e5 Ra1 23. Nf2 Rxa2 24. Qe1 dxe5 25. fxe5 Ncxe5 26. Nxe5 Bxe5 27. Bxh6 Qxc3
28. Bd5 Qxe1 29. Rxe1 Ra1 30. Rxa1 Bxa1 31. Bg5 e6 32. Bg2 Bd4 33. Bf1 Ne5 34.
Kg2 Bb7+ 35. Kg3 a5 36. Ne4 a4 37. Bc1 Ba6 38. Ba3 Bxd3 39. Nf6+ Kg7 {Source:
BCM, June 1976, p253} 0-1

[Event "Birmingham International"]
[Site "Birmingham"]
[Date "1976.04.14"]
[Round "3.3"]
[White "Speelman, Jonathan S"]
[Black "Nunn, John DM"]
[Result "1-0"]
[WhiteElo "2380"]
[BlackElo "2435"]
[PlyCount "57"]
[EventDate "1976.04.12"]
[EventType "tourn"]
[EventRounds "10"]
[EventCountry "ENG"]
[EventCategory "5"]

1. e4 g6 2. d4 Bg7 3. Nf3 d6 4. Be2 Nf6 5. Nc3 O-O 6. O-O a6 7. e5 Nfd7 8. Bg5
f6 9. Be3 fxe5 10. Ng5 Nb6 11. dxe5 Bxe5 12. a4 e6 13. a5 Bxc3 14. axb6 Bxb2
15. Ra4 cxb6 16. Bd3 Qe7 17. Rh4 Rf7 18. c3 Ba3 19. Nxf7 Qxf7 20. Rf4 Qe8 21.
h4 d5 22. h5 e5 23. hxg6 hxg6 24. Rf6 e4 25. Be2 Be6 26. Qb3 Bd6 27. Bg4 Bxg4
28. Qxd5+ Kh7 29. Rf7+ {Sources: BCM, June 1976, p254; The Chess Player 13,
1976c} 1-0

[Event "Birmingham International"]
[Site "Birmingham"]
[Date "1976.04.15"]
[Round "4.4"]
[White "Nunn, John DM"]
[Black "Gasic, Bozidar"]
[Result "1-0"]
[WhiteElo "2435"]
[BlackElo "2335"]
[PlyCount "79"]
[EventDate "1976.04.12"]
[EventType "tourn"]
[EventRounds "10"]
[EventCountry "ENG"]
[EventCategory "5"]

1. e4 c5 2. Nf3 e6 3. d4 cxd4 4. Nxd4 Nc6 5. Nc3 Qc7 6. g3 a6 7. Bg2 d6 8. O-O
Bd7 9. Re1 Be7 10. Nxc6 Bxc6 11. Qg4 h5 12. Qe2 h4 13. Bd2 hxg3 14. hxg3 Nf6
15. a4 Rc8 {n.b. BCM doesn't give the first 15 moves but this is the start
position and Nunn later played the same sequence of opening moves in 1988 vs
van der Wiel. I cannot, however, vouch for the move order - JS} 16. b4 Bd7 17.
b5 a5 18. b6 Qc4 19. Qd3 O-O 20. Bf1 Qc5 21. Be2 Qxb6 22. g4 Bc6 23. Rab1 Qd8
24. Kg2 Nxe4 25. Nxe4 f5 26. gxf5 exf5 27. Qb3+ Rf7 28. Bh5 Qf8 29. Qe6 Re8 30.
Rb6 fxe4 31. Rxc6 bxc6 32. Rxe4 d5 33. Re5 g6 34. Bxg6 Qg7 35. Bh6 Qf6 36.
Bxf7+ Qxf7 37. Qg4+ Kh7 38. Rh5 Rg8 39. Bg5+ Kg7 40. Bxe7+ {Source (moves
16w-end): BCM, June 1976, p254} 1-0

[Event "Birmingham International"]
[Site "Birmingham"]
[Date "1976.04.15"]
[Round "4.6"]
[White "Stean, Michael"]
[Black "Webb, Simon"]
[Result "0-1"]
[WhiteElo "2420"]
[BlackElo "2415"]
[PlyCount "54"]
[EventDate "1976.04.12"]
[EventType "tourn"]
[EventRounds "10"]
[EventCountry "ENG"]
[EventCategory "5"]

1. c4 Nf6 2. Nc3 e6 3. Nf3 d5 4. d4 dxc4 5. Bg5 c5 6. e3 b5 7. Bxf6 Qxf6 8.
Nxb5 cxd4 9. Qa4 Nc6 10. O-O-O Rb8 11. Nfxd4 Nxd4 12. Nd6+ Kd8 13. Ne4 Qe5 14.
Rxd4+ Ke7 15. Bxc4 f5 16. Qxa7+ Rb7 17. Qa3+ Kf7 18. Ng5+ Kg6 19. Qc3 Bb4 20.
Qc2 Rc7 21. g4 Bb7 22. Rg1 Qxh2 23. gxf5+ Kf6 24. Nxh7+ Rxh7 25. Rg6+ Kf7 26.
Rxe6 Qh1+ 27. Rd1 Qxd1+ {Sources: BCM, June 1976, p254; Chess for Tigers by
Simon Webb (1978)} 0-1

[Event "Birmingham International"]
[Site "Birmingham"]
[Date "1976.04.16"]
[Round "5.4"]
[White "Cafferty, Bernard"]
[Black "Nunn, John DM"]
[Result "0-1"]
[WhiteElo "2310"]
[BlackElo "2435"]
[PlyCount "72"]
[EventDate "1976.04.12"]
[EventType "tourn"]
[EventRounds "10"]
[EventCountry "ENG"]
[EventCategory "5"]
[SourceTitle "StarBase 4.56"]
[SourceDate "2004.11.04"]
[SourceVersion "1"]
[SourceVersionDate "2004.11.04"]
[SourceQuality "2"]

1. b3 e5 2. Bb2 Nc6 3. e3 d5 4. Bb5 Bd6 5. Nf3 f6 6. d4 e4 7. Nfd2 a6 8. Bxc6+
bxc6 9. c4 f5 10. Ba3 Nf6 11. Bxd6 cxd6 12. Nc3 O-O 13. Qc2 a5 14. O-O g5 15.
f3 Ra7 16. cxd5 cxd5 17. Nb5 Rg7 18. Rac1 f4 19. Rce1 exf3 20. Nxf3 Ng4 21.
exf4 gxf4 22. Qd2 Ne3 23. Rf2 Kh8 24. Rxe3 fxe3 25. Qxe3 Bg4 26. Nc3 Re7 27.
Qd2 Bxf3 28. Rxf3 Rxf3 29. gxf3 Rg7+ 30. Kf1 Qh4 31. Qf2 Qh3+ 32. Ke1 Rg2 33.
Qe3 Qh4+ 34. Kd1 Qf2 35. Qe8+ Rg8 36. Qe2 Qg1+ {Source: BCM, July 1976, p300}
0-1

[Event "Birmingham International"]
[Site "Birmingham"]
[Date "1976.04.17"]
[Round "6.3"]
[White "Nunn, John DM"]
[Black "Carleton, John"]
[Result "0-1"]
[WhiteElo "2435"]
[BlackElo "2250"]
[PlyCount "90"]
[EventDate "1976.04.12"]
[EventType "tourn"]
[EventRounds "10"]
[EventCountry "ENG"]
[EventCategory "5"]

1. e4 c5 2. Nf3 e6 3. d4 cxd4 4. Nxd4 Bc5 5. Nb3 Bb6 6. c4 Nc6 7. Nc3 Nge7 8.
c5 Bc7 9. Nb5 b6 10. Nxc7+ Qxc7 11. Qd6 Qxd6 12. cxd6 Ng6 13. f4 Bb7 14. a3 O-O
15. Be3 e5 16. f5 Nf4 17. g3 Nh5 18. Bg2 Rfc8 19. O-O Nf6 20. Rfe1 Nd8 21. Bd2
Ne8 22. Rad1 f6 23. Bf1 Nf7 24. a4 Nexd6 25. Bb4 Nxe4 26. Rxd7 Bc6 27. Re7 Ned6
28. Ba6 Re8 29. Rc7 Bxa4 30. Nd2 Bb5 31. Ne4 Bxa6 32. Nxd6 Nxd6 33. Bxd6 Bd3
34. g4 a5 35. Rb7 b5 36. Kf2 Rec8 37. Ke3 Bc4 38. g5 Rd8 39. Be7 Rd3+ 40. Kf2
Rd2+ 41. Ke3 Rd3+ 42. Kf2 e4 43. gxf6 Rf3+ 44. Kg1 Rxf5 45. Rc7 Bd3 {"and
Black won" Source: BCM, July 1976, p301} 0-1

[Event "Birmingham International"]
[Site "Birmingham"]
[Date "1976.04.17"]
[Round "6.6"]
[White "Webb, Simon"]
[Black "Speelman, Jonathan S"]
[Result "1/2-1/2"]
[WhiteElo "2415"]
[BlackElo "2380"]
[PlyCount "25"]
[EventDate "1976.04.12"]
[EventType "tourn"]
[EventRounds "10"]
[EventCountry "ENG"]
[EventCategory "5"]

1. Nf3 c5 2. c4 Nc6 3. d4 cxd4 4. Nxd4 e6 5. g3 Qb6 6. Nb3 Ne5 7. e4 Nf6 8. Qe2
a5 9. f4 Bb4+ 10. Nc3 Neg4 11. e5 a4 12. Nd2 Ne3 13. exf6 {Source: BCM, July
1976, p301} 1/2-1/2

[Event "Birmingham International"]
[Site "Birmingham"]
[Date "1976.04.19"]
[Round "7.3"]
[White "Cafferty, Bernard"]
[Black "Stean, Michael"]
[Result "1/2-1/2"]
[WhiteElo "2310"]
[BlackElo "2420"]
[Annotator "Cafferty, Bernard"]
[PlyCount "36"]
[EventDate "1976.04.12"]
[EventType "tourn"]
[EventRounds "10"]
[EventCountry "ENG"]
[EventCategory "5"]

1. c4 Nf6 2. Nc3 e5 3. Nf3 Nc6 4. d3 g6 (4... Bb4 5. Bd2) 5. Nd5 $146 Bg7 (5...
Nxd5 6. cxd5 Ne7 7. e4 $14) 6. Bg5 h6 (6... O-O 7. Qd2 {/\ h4, h5}) 7. Nxf6+
Bxf6 8. Bxf6 Qxf6 9. Nd2 $1 d6 (9... e4 $5 10. Nxe4 Qxb2 11. Qc1 $11) 10. g3
O-O 11. Bg2 Bg4 12. Ne4 Qg7 (12... Qe7 13. Qd2) 13. Nc3 Nd4 14. Qd2 (14. Bxb7
$2 Rab8 {/\ Rxb2}) 14... Rae8 15. h3 $1 (15. Bxb7 e4 $3 {/\ Bxe2, Nf3+}) 15...
Bc8 (15... Bd7 16. Bxb7 c6 17. Ne4 $13) 16. Nb5 $1 Nxb5 (16... c6 $2 17. Nxd6
$18) (16... a6 $2 17. Nxc7 $18) 17. cxb5 f5 18. O-O e4 {Source: The Chess
Player 13/1976c} (18... f4 19. Rac1 {/\ Rc4+/-}) (18... e4 19. dxe4 (19. Rac1
$5 exd3 $2 20. e3 $16) 19... fxe4 20. e3 $14) 1/2-1/2

[Event "Birmingham International"]
[Site "Birmingham"]
[Date "1976.04.19"]
[Round "7.4"]
[White "Carleton, John"]
[Black "Mestel, A Jonathan"]
[Result "0-1"]
[WhiteElo "2250"]
[BlackElo "2390"]
[PlyCount "78"]
[EventDate "1976.04.12"]
[EventType "tourn"]
[EventRounds "10"]
[EventCountry "ENG"]
[EventCategory "5"]

1. e4 c5 2. Nf3 d6 3. Nc3 Nf6 4. e5 dxe5 5. Nxe5 a6 6. Be2 e6 7. Bf3 Qc7 8. Qe2
Bd6 9. Nc4 Be7 10. Qe5 Qxe5+ 11. Nxe5 Nbd7 12. Nc4 Ra7 13. a4 b6 14. d3 Bb7 15.
Bxb7 Rxb7 16. Bf4 O-O 17. O-O Rd8 18. Rfe1 Nb8 19. Ne5 Nfd7 20. Ne4 Nxe5 21.
Bxe5 Nc6 22. Bc3 Nd4 23. Bxd4 cxd4 24. Re2 Rc7 25. b3 Rdc8 26. Ra2 f5 27. Ng3
Kf7 28. h3 g5 29. Nf1 h5 30. Nh2 g4 31. hxg4 hxg4 32. g3 Bd6 33. f4 gxf3 34.
Nxf3 Rg8 35. Kf1 Rxg3 36. Nd2 Rc8 37. Nc4 Bc7 38. Rg2 Rxg2 39. Kxg2 Rh8 {
Source: BCM, July 1976, p301} 0-1

[Event "Birmingham International"]
[Site "Birmingham"]
[Date "1976.04.19"]
[Round "7.6"]
[White "Corden, Martyn J"]
[Black "Damjanovic, Mato"]
[Result "0-1"]
[WhiteElo "2310"]
[BlackElo "2425"]
[PlyCount "69"]
[EventDate "1976.04.12"]
[EventType "tourn"]
[EventRounds "10"]
[EventCountry "ENG"]
[EventCategory "5"]

1. e4 c5 2. c3 d6 3. d4 cxd4 4. cxd4 Nf6 5. Nc3 g6 6. Nf3 Bg7 7. Be2 O-O 8. O-O
d5 9. e5 Ne8 10. Bf4 Nc6 11. Qd2 Nc7 12. Bh6 Bg4 13. Bxg7 Kxg7 14. Rad1 Rc8 15.
Qf4 Bxf3 16. Bxf3 e6 17. Rfe1 h6 18. h4 g5 19. Qg4 Kh7 20. h5 f5 21. exf6 Qxf6
22. Rd2 Qg7 23. g3 Kh8 24. Bg2 b5 25. a4 a6 26. axb5 axb5 27. Nxb5 Nxb5 28.
Rxe6 Ne7 29. Qe2 Nxd4 30. Rxd4 Qxd4 31. Rxe7 Rf6 32. Rd7 Rcf8 33. Qe7 R6f7 34.
Qxf7 Rxf7 35. Rxf7 {Source: BCM, July 1976, p301} 0-1

[Event "Birmingham International"]
[Site "Birmingham"]
[Date "1976.04.20"]
[Round "8.3"]
[White "Mestel, A Jonathan"]
[Black "Meyer, Eugene B"]
[Result "1-0"]
[WhiteElo "2390"]
[BlackElo "2360"]
[PlyCount "81"]
[EventDate "1976.04.12"]
[EventType "tourn"]
[EventRounds "10"]
[EventCountry "ENG"]
[EventCategory "5"]

1. e4 c5 2. Nf3 e6 3. d3 Nc6 4. g3 g6 5. Bg2 Bg7 6. O-O Nge7 7. Re1 O-O 8. c3
b6 9. d4 Bb7 10. d5 Na5 11. d6 Nc8 12. Na3 b5 13. Bg5 Qb6 14. b4 Nc6 15. Be3
Qa6 16. Nxb5 Qxb5 17. Bxc5 Ne5 18. Nd4 Qd3 19. Qc1 Nb6 20. Rd1 Qa6 21. a4 Nbc4
22. a5 Bc6 23. f4 Bh6 24. Qb1 Rab8 25. Nxc6 Nxc6 26. Qd3 g5 27. Bf1 gxf4 28.
Qxc4 Qc8 29. gxf4 Bxf4 30. Ra2 Kh8 31. Rg2 Rg8 32. Kh1 Qd8 33. Qe2 Qh4 34. Qf2
Qh6 35. Rd3 Rxg2 36. Qxg2 Rg8 37. Qf2 Ne5 38. Rh3 Qg5 39. Qh4 Qxh4 40. Rxh4 Bd2
41. Rh3 {Source: BCM, July 1976, p302} 1-0

[Event "Birmingham International"]
[Site "Birmingham"]
[Date "1976.04.20"]
[Round "8.4"]
[White "Stean, Michael"]
[Black "Carleton, John"]
[Result "1-0"]
[WhiteElo "2420"]
[BlackElo "2250"]
[PlyCount "51"]
[EventDate "1976.04.12"]
[EventType "tourn"]
[EventRounds "10"]
[EventCountry "ENG"]
[EventCategory "5"]

1. e4 e6 2. d4 d5 3. Nd2 Nf6 4. e5 Nfd7 5. Ngf3 c5 6. c3 Nc6 7. Bd3 cxd4 8.
cxd4 f6 9. Ng5 Ndxe5 10. dxe5 fxg5 11. Qh5+ Kd7 12. Nf3 Bb4+ 13. Kf1 h6 14. h4
gxh4 15. Rxh4 Rf8 16. Be3 b6 17. Rc1 Bc5 18. Bb5 Bb7 19. Bxc5 bxc5 20. Rxc5 Rc8
21. Qg4 Qe7 22. Rxd5+ Kc7 23. Rd6 Rxf3 24. gxf3 Nxe5 25. Rxe6 Qf7 26. Rxe5 {
Source: BCM, July 1976, p302} 1-0

[Event "Birmingham International"]
[Site "Birmingham"]
[Date "1976.04.21"]
[Round "9.4"]
[White "Meyer, Eugene B"]
[Black "Stean, Michael"]
[Result "0-1"]
[WhiteElo "2360"]
[BlackElo "2420"]
[PlyCount "50"]
[EventDate "1976.04.12"]
[EventType "tourn"]
[EventRounds "10"]
[EventCountry "ENG"]
[EventCategory "5"]

1. Nf3 g6 2. d4 Bg7 3. c4 Nf6 4. Nc3 d5 5. Bg5 dxc4 6. e3 Be6 7. Ne5 Nd5 8.
Nxc4 c5 9. Ne4 cxd4 10. Qa4+ Nd7 11. Ned6+ Kf8 12. Nxb7 Qc7 13. Nba5 dxe3 14.
fxe3 h6 15. Bh4 Bxb2 16. Rb1 Nc5 17. Qc6 Bc3+ 18. Kf2 Bxa5 19. Nxa5 Qxa5 20.
Qxa8+ Kg7 21. Qc6 Qxa2+ 22. Be2 Ne4+ 23. Kf3 Nd2+ 24. Kg3 Nxb1 25. Bc4 Qd2 {
Source: BCM, July 1976, p302} 0-1

[Event "Birmingham International"]
[Site "Birmingham"]
[Date "1976.04.21"]
[Round "9.5"]
[White "Corden, Martyn J"]
[Black "Mestel, A Jonathan"]
[Result "0-1"]
[WhiteElo "2310"]
[BlackElo "2390"]
[PlyCount "42"]
[EventDate "1976.04.12"]
[EventType "tourn"]
[EventRounds "10"]
[EventCountry "ENG"]
[EventCategory "5"]

1. e4 c5 2. c3 b6 3. d4 Bb7 4. Bd3 Nf6 5. Nd2 g6 6. Ngf3 Bg7 7. O-O O-O 8. Re1
d6 9. Qe2 cxd4 10. cxd4 Nc6 11. a3 Nd7 12. Qe3 e5 13. d5 Nd4 14. b4 f5 15. Nxd4
exd4 16. Qh3 Ne5 17. exf5 Nxd3 18. fxg6 Rxf2 19. Qxd3 Qh4 20. gxh7+ Kh8 21. Qe4
Rf4 {Source: BCM, July 1976, p302} 0-1

[Event "Birmingham International"]
[Site "Birmingham"]
[Date "1976.04.22"]
[Round "10.3"]
[White "Stean, Michael"]
[Black "Corden, Martyn J"]
[Result "1-0"]
[WhiteElo "2420"]
[BlackElo "2310"]
[PlyCount "55"]
[EventDate "1976.04.12"]
[EventType "tourn"]
[EventRounds "10"]
[EventCountry "ENG"]
[EventCategory "5"]

1. e4 e5 2. Nf3 Nc6 3. Bb5 a6 4. Ba4 Nf6 5. O-O Nxe4 6. d4 b5 7. Bb3 d5 8. dxe5
Be6 9. Qe2 Be7 10. Rd1 O-O 11. c4 bxc4 12. Bxc4 Qd7 13. Nc3 Nxc3 14. bxc3 f6
15. exf6 Bxf6 16. Ng5 Bxg5 17. Bxg5 Rae8 18. Bb3 Kh8 19. Qxa6 Ne5 20. Qa7 Bh3
21. Bxd5 Qg4 22. Kh1 Qxg5 23. gxh3 Nf3 24. Qxc7 Re1+ 25. Rxe1 Qxd5 26. c4 Qa8
27. Re7 Rb8 28. Qa7 {Source: BCM, July 1976, p304} 1-0

[Event "Birmingham International"]
[Site "Birmingham"]
[Date "1976.04.24"]
[Round "11.5"]
[White "Damjanovic, Mato"]
[Black "Stean, Michael"]
[Result "1-0"]
[WhiteElo "2425"]
[BlackElo "2420"]
[PlyCount "73"]
[EventDate "1976.04.12"]
[EventType "tourn"]
[EventRounds "10"]
[EventCountry "ENG"]
[EventCategory "5"]

1. e4 c5 2. Nf3 d6 3. d4 cxd4 4. Qxd4 Nc6 5. Bb5 Bd7 6. Bxc6 Bxc6 7. c4 Nf6 8.
Nc3 e6 9. O-O Be7 10. Rd1 O-O 11. Qd3 Qa5 12. Nd4 Rfd8 13. Qe2 Rac8 14. Bd2 Qc7
15. Rac1 Be8 16. b3 a6 17. Be3 Qb8 18. Bf4 Nd7 19. Bg3 Ne5 20. f4 Nc6 21. Nf3
Na5 22. f5 b5 23. fxe6 fxe6 24. Nd4 b4 25. Qg4 Bf6 26. Nce2 Bd7 27. Nxe6 Nb7
28. N2f4 Nc5 29. Nd5 Bxe6 30. Nxf6+ Kh8 31. Qh4 gxf6 32. Qxf6+ Kg8 33. Qg5+ Kf8
34. Rf1+ Bf7 35. Rxf7+ Kxf7 36. Rf1+ Ke8 37. Qg7 {Source: BCM, July 1976, p304}
1-0

[Event "Birmingham International"]
[Site "Birmingham"]
[Date "1976.04.24"]
[Round "11.6"]
[White "Nunn, John DM"]
[Black "Mestel, A Jonathan"]
[Result "0-1"]
[WhiteElo "2435"]
[BlackElo "2390"]
[PlyCount "130"]
[EventDate "1976.04.12"]
[EventType "tourn"]
[EventRounds "10"]
[EventCountry "ENG"]
[EventCategory "5"]

1. e4 c5 2. Nf3 d6 3. d4 cxd4 4. Nxd4 Nf6 5. Nc3 g6 6. Be3 Bg7 7. f3 O-O 8. Bc4
Bd7 9. Qd2 Nc6 10. O-O-O Ne5 11. Bb3 Rc8 12. Bg5 Nc4 13. Qe2 Nxb2 14. Kxb2 Rxc3
15. Bxf6 Rxb3+ 16. axb3 Bxf6 17. c3 Qb6 18. f4 e5 19. fxe5 Bxe5 20. Qd3 Rc8 21.
Rhf1 Be6 22. Rc1 Bc4 23. Qh3 Rc7 24. Rfd1 Rc5 25. Rc2 Kg7 26. Ra1 Rc7 27. Ra4
a5 28. Qe3 Kg8 29. b4 Rc5 30. Kc1 axb4 31. Ra8+ Kg7 32. Nf5+ Kf6 33. Qh6 Ke6
34. Re8+ Kd7 35. Re7+ Kc6 36. Nd4+ Bxd4 37. cxd4 Qa5 38. Qe3 b3 39. d5+ Kb5 40.
Rxb7+ Ka6 41. Rb8 Qc7 42. Rb4 bxc2 43. Qa3+ Ra5 44. Qc3 Rc5 45. Qa3+ Ra5 46.
Qc3 Qc5 47. Qxc4+ Qxc4 48. Rxc4 Kb5 49. Rc7 Ra4 50. Rxf7 Rxe4 51. Kxc2 Rh4 52.
h3 Kc4 53. Kd2 Kxd5 54. Ke3 Re4+ 55. Kf3 h5 56. Rg7 Re6 57. Kf4 Kd4 58. g4 hxg4
59. hxg4 d5 60. g5 Kc5 61. Rc7+ Kd6 62. Rc8 Kd7 63. Ra8 d4 64. Ra3 Kc6 65. Ra6+
Kd5 {Source: BCM, July 1976, p304} 0-1